A prática educativa (Record no. 136189)

MARC details
000 -LÍDER
campo de controle de tamanho fixo 00410 a2200169 4500
001 - NÚMERO DE CONTROLE
campo de controle 136189
020 ## - ISBN - INTERNATIONAL STANDARD BOOK NUMBER
ISBN - International Standard Book Number 97888573074260
040 ## - FONTE DA CATALOGAÇÃO
Instituição que transcreveu o registro Leonardo Da Vinci
041 ## - CÓDIGO DE IDIOMA
Código do idioma do texto/trilha sonora ou título diferente Português
082 ## - CDD - CLASSIFICAÇÃO DECIMAL DE DEWEY
Número de Classificação 370.1 Z12p
Número do exemplar Z12p
100 ## - ENTRADA PRINCIPAL--NOME PESSOAL
Nome pessoal ZABALA, Antoni
245 ## - TÍTULO
Título A prática educativa
Restante do título como ensinar
260 ## - PUBLICAÇÃO, DISTRIBUIÇÃO, ETC.
Nome do editor, distribuidor, etc. Artmed
Data da publicação, distribuição, etc. 2010
Local de publicação, distribuição, etc. Porto Alegre
362 ## - DATAS DE PUBLICAÇÃO E/OU DESIGNAÇÃO SEQUENCIAL
Datas de publicação e/ou designação sequencial 20100000
697 ## - ENTRADA DE ASSUNTO LOCAL--ENTIDADE COLETIVA (RLIN)
Nome corporativo ou nome da jurisdição Prática docente
-- FIPEN
942 ## - ELEMENTOS DE ENTRADA ADICIONADOS (KOHA)
Tipo de material Koha Livros
Holdings
Situação do descarte Situação das perdas Situação física Não pode ser emprestado Biblioteca de origem Biblioteca atual Data de aquisição Total de empréstimos Número de chamada completo Código de barras Data de último acesso Data do preço efetivo Tipo de material Koha
        Leonardo Da Vinci - Osasco Leonardo Da Vinci - Osasco 27/03/2024   370.1 Z12p O013373 27/03/2024 27/03/2024 Livros
        Leonardo Da Vinci - Osasco Leonardo Da Vinci - Osasco 27/03/2024   370.1 Z12p O013372 27/03/2024 27/03/2024 Livros